[Event "BL2-Nord 0506"]
[Site "Germany"]
[Date "2006.02.19"]
[Round "7.7"]
[White "Lichmann, Peter"]
[Black "Bakker, Sven"]
[Result "1-0"]
[WhiteElo "2247"]
[BlackElo "2305"]
[PlyCount "73"]
[EventDate "2005.10.23"]
[EventType "team-tourn"]
[EventRounds "9"]
[EventCountry "GER"]
[SourceTitle "EXT 2007"]
[Source "ChessBase"]
[SourceDate "2006.11.23"]
[SourceVersion "1"]
[SourceVersionDate "2006.11.23"]
[SourceQuality "1"]
[WhiteTeam "Werder Bremen II"]
[BlackTeam "Hamburger SK II"]
[WhiteTeamCountry "GER"]
[BlackTeamCountry "GER"]

1. b3 d5 2. Bb2 Bf5 3. e3 e6 4. f4 Nd7 5. Nf3 Ngf6 6. Be2 Bc5 7. 0-0 h5 8. c4 c6 9. Nc3 Qe7 10. a3 Bd6 11. Nd4 Bg4 12. cxd5 exd5 13. h3 Bxe2 14. Qxe2 g6 15. b4 a5 16. b5 c5 17. Nf3 0-0 18. Qd3 d4 19. exd4 Bxf4 20. dxc5 Qxc5+ 21. Kh1 Rad8 22. Ne4 Nxe4 23. Qxe4 Qxb5 24. Qd4 Ne5 25. Qxf4 Nd3 26. Qh6 Qxb2 27. Rab1 Qg7 28. Qxg7+ Kxg7 29. Rxb7 Rd5 30. h4 Rf5 31. Kg1 Rd8 32. Ng5 Nc5 33. Rxf7+ Rxf7 34. Rxf7+ Kg8 35. Rf6 Kg7 36. Rc6 Rd5 37. Rxc5 1-0